Joueurs de Cholet Basket ayant joués en NBA - Statistiques

Statistiques générales
  • Ce quiz a été pris 339 fois
  • Le résultat moyen est 4 sur 7
Statistiques - réponses
Année de draft Franchises Joueurs % Correct
2013 Utah Jazz Rudy Gobert
93%
2020 Détroit Pistons Killian Hayes
92%
2009 San Antonio Spurs Nando de Colo
56%
2010 Washington Wizards Kevin Séraphin
39%
2009 Dallas Mavericks Rodrigue Beaubois
34%
2005 Seattle SuperSonics Mickaël Gelabale
31%
2003 (non drafté) Dallas Mavericks Antoine Rigaudeau
27%
Aucun quiz correspondant
Distribution des résultats
% des personnes avec chaque résultat
Percentile par nombre de réponses
Votre historique - résultats
Vous n’avez pas pris ce quiz